LEADER 00998nam a2200265 i 4500 001 000000151528 003 CaOOAMICUS 005 20060704000000.0 008 060704s1957 it u000 u ita u 013 $a128866 040 $aSeMil$bita 100 1 $aPetrini, Domenico.$0(OLS)http://semarc/name/7379 240 00$aDal Barocco al Decadentismo.$0(OLS)http://semarc/title/221441 245 10$aVol. 2. 300 $a317 p. 490 0 $aBiblioteca di letteratura e d'arte 500 $aContiene : Appendice. - Fondo Ciprandi. 700 1 $aSantoli, Vittorio.$0(OLS)http://semarc/name/7380 773 0 $aPetrini, Domenico$tDal Barocco al Decadentismo.$dFirenze : Le Monnier, 1957.$w()15952 830 0$aBiblioteca di letteratura e d'arte.$0(OLS)http://semarc/title/21126 850 $aSeMil 852 $aSeMil$W1$xVenegono$y1$m1D II 126$j103555$B103555$CSeMilBibl$Z2$F112621 $81 941 1 $a1 961 $aOmaggio: Ciprandi dott. Paolo 996 $6245$aVol. 2$9(OLS)http://semarc/title/13458 LEADER 00848nam a2200193 i 4500 001 000000215675 003 CaOOAMICUS 005 20120903000000.0 008 120903s1782 it u000 u ita u 013 $a194550 026 $adile 6.mi 3.to (ati (3) 1782 (R) 040 $aSeMil$bita 245 10$aTomo 11. 300 $a404 p. 500 $aSegn. : A-2A8 2B10. 773 0 $aBergier, Nicolas-Sylvestre <1718-1790>$tTrattato storico, e dogmatico della vera religione, colla confutazione degli errori, che le sono stati opposti ne'differenti secoli. Del signor abbate Bergier ... Traduzione dal francese ... Tomo 1. [-12.].$dIn Venezia : Presso Gio: Antonio Pezzana, 1782.$g11$w()15880 850 $aSeMil 852 $aSeMil$W1$xVenegono$y1$m2B II 92 FA$j166095$B166095$CSeMilBibl$Z2$F177043 $8I 996 $6245$aTomo 11$9(OLS)http://semarc/title/194412